000 00822nam a2200253 a 4500
005 20200104041527.0
008 140304b1997 ck ||||| |||| 00| 0 spa d
040 _aCO-BoIAVH
_cCO-BoIAVH
041 _aspa
044 _ack
090 _aLB
_b01933
111 _aTaller Desarrollo y Sostenibilidad Regional
_d1997
_942079
245 _aMemorias taller desarrollo y sostenibilidad regional
260 _aBogotá
_bComisión Regional de Ciencia y Tecnologia Orinoquia
_bFundación Horizonte Verde
_bECOFONDO
_c1997
300 _a35
650 _aSostenibilidad
_942080
650 _aEcología del paisaje
_992227
650 _aSector agropecuario
_942082
650 _aAgricultura
_9304
650 _aPolítica agrícola
_97437
650 _aAspectos socioeconómicos
_942084
662 _aColombia
942 _cINFORME
_2z
999 _c2100
_d2100